Pivot how top entrepreneurs adapt and change course to find ultimate success

Gespeichert in:
Bibliographische Detailangaben
1. Verfasser: Arteaga, Remy
Weitere Verfasser: Hyland, Joanne
Format: Buch
Sprache:Englisch
Veröffentlicht: Hoboken Wiley 2014
Schlagworte:
Tags: Tag hinzufügen
Keine Tags, Fügen Sie das erste Tag hinzu!

MARC

LEADER 00000nam a2200000 4500
001 0217278
005 20240306140406.3
020 |a 978-1-118-55971-0 
041 0 |a eng 
044 |a US 
245 1 0 |a Pivot  |b how top entrepreneurs adapt and change course to find ultimate success  |c Remy Arteaga and Joanne Hyland 
264 1 |a Hoboken  |b Wiley  |c 2014 
300 |a 281 s. 
610 2 0 |a podnikanie 
610 2 0 |a stratégia podnikateľská 
610 2 0 |a start-up 
610 2 0 |a kreativita 
610 2 0 |a inovácia 
610 2 0 |a kultúra podniková 
610 2 0 |a modely podniku 
610 2 0 |a experimenty 
610 2 0 |a plán podnikový 
610 2 0 |a úspech pracovný 
100 1 |a Arteaga, Remy 
700 1 |a Hyland, Joanne